Statistics for Lord of the Rings by letter - I

Click here to take the quiz!

General Stats

  • This quiz has been taken 287 times
  • The average score is 7 of 9

Answer Stats

Hint Answer % Correct
Son of Elendil, who cut off Saurons finger.Isildur
98%
River that flows from the Misty Mountains to the westIsen
95%
Location of Orthanc, Sarumans stronghold.Isengard
92%
Minas Morgul was originally named Minas ......Ithil
80%
Elvish name for RivendellImladris
73%
Wizards are also known asIstari
69%
Region of Gondor, bordering Mordor, where Faramir becomes PrinceIthilien
62%
Prince of Dol AmrothImrahil
58%
Talkative woman who works at the Houses of HealingIoreth
34%

Score Distribution

Percentile by Number Answered

Percent of People with Each Score

Your Score History

You have not taken this quiz